3 Biggest cities by country #2 - Statistics

General Stats
  • This quiz has been taken 678 times
  • The average score is 19 of 24
Answer Stats
Hint Answer % Correct
Spain Madrid
100%
Italy Rome
99%
Barcelona
98%
Greece Athens
97%
Australia Sydney
97%
Egypt Cairo
96%
Delhi
96%
Milan
96%
Melbourne
93%
India Mumbai
92%
Johannesburg
91%
Naples
91%
Switzerland Zurich
89%
Alexandria
86%
Geneva
84%
Pretoria
83%
Valencia
82%
Brisbane
76%
Thessaloniki
70%
Basel
57%
Bangalore
54%
Giza
39%
Patras
22%
South Africa Soweto
15%
No matching quizzes found
Score Distribution
Percent of People with Each Score
Percentile by Number Answered
Your Score History
You have not taken this quiz